[Event "Bucaramanga Meneses Memorial"]
[Site "Bucaramanga"]
[Date "2022.07.20"]
[Round "2"]
[White "Jaimes Florez, Lucy Janeth"]
[Black "Gomez Araque, Laura Sofia"]
[Result "1-0"]
[WhiteElo "1452"]
[BlackElo "1312"]
[PlyCount "71"]
[EventDate "2022.07.20"]
[EventType "swiss"]
[EventRounds "8"]
[EventCountry "COL"]
[SourceTitle "EXT 2024"]
[Source "ChessBase"]
[SourceDate "2023.10.10"]
[SourceVersion "1"]
[SourceVersionDate "2023.10.10"]
[SourceQuality "1"]

1. e4 c5 2. Nc3 d6 3. Bb5+ Bd7 4. Bxd7+ Nxd7 5. d3 Ngf6 6. f4 g6 7. Nf3 Bg7 8. 0-0 0-0 9. Qe1 a6 10. Qh4 h5 11. f5 b5 12. Ng5 Nh7 13. fxg6 Nxg5 14. Bxg5 fxg6 15. Bxe7 Bd4+ 16. Kh1 Rxf1+ 17. Rxf1 Qc7 18. Nd5 Qa5 19. Qg5 Kg7 20. Bxd6 Re8 21. c3 Qxa2 22. cxd4 cxd4 23. Nc7 Re6 24. Nxe6+ Qxe6 25. Qd5 Qxd5 26. exd5 a5 27. Re1 Nb6 28. Bc5 Nxd5 29. Bxd4+ Kf7 30. Re5 Nb4 31. Rxb5 Ke7 32. Bc5+ Kd7 33. Bxb4 axb4 34. Rxb4 Ke6 35. Rc4 Kd5 36. b4 1-0

[Event "Bucaramanga Santander-ch"]
[Site "Bucaramanga"]
[Date "2022.04.11"]
[Round "8"]
[White "Jaimes Florez, Lucy Janeth"]
[Black "Jimenez Meneses, Nicolas Zamir"]
[Result "1/2-1/2"]
[WhiteElo "1532"]
[BlackElo "1600"]
[PlyCount "50"]
[EventDate "2022.04.08"]
[EventType "swiss"]
[EventRounds "8"]
[EventCountry "COL"]
[SourceTitle "CBM 207 Extra"]
[Source "ChessBase"]
[SourceDate "2022.05.31"]
[SourceVersion "1"]
[SourceVersionDate "2022.05.31"]
[SourceQuality "1"]

1. e4 e5 2. Nf3 d6 3. Bc4 Bg4 4. d3 Nc6 5. Nc3 Nf6 6. Bg5 Be7 7. h3 Bxf3 8. Qxf3 Nd4 9. Qd1 0-0 10. Ne2 b5 11. Nxd4 bxc4 12. Nc6 Qd7 13. Nxe7+ Qxe7 14. Bxf6 Qxf6 15. 0-0 cxd3 16. cxd3 Qe6 17. f4 f5 18. fxe5 Qxe5 19. Qc2 fxe4 20. dxe4 c5 21. Rad1 g6 22. b3 Rxf1+ 23. Rxf1 Rf8 24. Qc4+ Kg7 25. Rxf8 Kxf8 1/2-1/2

[Event "Bucaramanga Santander-ch"]
[Site "Bucaramanga"]
[Date "2022.04.10"]
[Round "6"]
[White "Cardenas Briceno, Eloy"]
[Black "Jaimes Florez, Lucy Janeth"]
[Result "1-0"]
[WhiteElo "1498"]
[BlackElo "1532"]
[PlyCount "83"]
[EventDate "2022.04.08"]
[EventType "swiss"]
[EventRounds "8"]
[EventCountry "COL"]
[SourceTitle "CBM 207 Extra"]
[Source "ChessBase"]
[SourceDate "2022.05.31"]
[SourceVersion "1"]
[SourceVersionDate "2022.05.31"]
[SourceQuality "1"]

1. e4 e5 2. f4 Nc6 3. Nf3 d6 4. Bc4 Bg4 5. 0-0 Nf6 6. d3 Be7 7. c3 0-0 8. Nbd2 Qd7 9. fxe5 dxe5 10. b4 Rad8 11. Qb3 Be6 12. Bxe6 fxe6 13. Ng5 Rfe8 14. Nxe6 Bc5+ 15. Nxc5+ Kh8 16. Nxd7 Rxd7 17. Qc4 a6 18. Nf3 h6 19. Nh4 Nd8 20. Bxh6 b5 21. Qc5 Rf7 22. Ng6+ Kh7 23. Nxe5 Ne6 24. Qc6 Rfe7 25. Be3 Rd8 26. Nf7 Rxd3 27. Ng5+ Nxg5 28. Bxg5 Rd6 29. Bxf6 Rxc6 30. Bxe7 Re6 31. Bc5 Rxe4 32. Bd4 Re7 33. Rae1 Rd7 34. Re6 c5 35. Bxc5 Rd3 36. Bd4 Rd2 37. Re7 Rxa2 38. Rxg7+ Kh6 39. Rf3 Ra1+ 40. Kf2 Ra2+ 41. Ke3 a5 42. Rh3# 1-0

[Event "Bucaramanga Santander-ch"]
[Site "Bucaramanga"]
[Date "2022.04.10"]
[Round "5"]
[White "Jaimes Florez, Lucy Janeth"]
[Black "Gonzalez Suarez, Nelson"]
[Result "0-1"]
[WhiteElo "1532"]
[BlackElo "1463"]
[PlyCount "50"]
[EventDate "2022.04.08"]
[EventType "swiss"]
[EventRounds "8"]
[EventCountry "COL"]
[SourceTitle "CBM 207 Extra"]
[Source "ChessBase"]
[SourceDate "2022.05.31"]
[SourceVersion "1"]
[SourceVersionDate "2022.05.31"]
[SourceQuality "1"]

1. e4 e5 2. Nf3 d6 3. Bc4 Bg4 4. d3 Bxf3 5. Qxf3 Nf6 6. Bg5 Be7 7. Nc3 Nc6 8. Bb5 Qd7 9. 0-0 0-0 10. Rad1 a6 11. Ba4 b5 12. Bb3 Nd4 13. Qg3 Kh8 14. Nd5 Nxd5 15. Bxd5 Ne2+ 16. Kh1 Nxg3+ 17. fxg3 Bxg5 18. Bxa8 Rxa8 19. h4 Bf6 20. Rf3 Qg4 21. Rff1 c6 22. Kh2 d5 23. Rde1 Bxh4 24. exd5 Bxg3+ 25. Kg1 Bxe1 0-1

[Event "Bucaramanga Bonita op"]
[Site "Bucaramanga"]
[Date "2021.09.04"]
[Round "3"]
[White "Romero Martinez, Filadelfo"]
[Black "Jaimes Florez, Lucy Janeth"]
[Result "1-0"]
[WhiteElo "2027"]
[BlackElo "1524"]
[PlyCount "49"]
[EventDate "2021.09.04"]
[EventType "swiss"]
[EventRounds "6"]
[EventCountry "COL"]
[SourceTitle "EXT 2022"]
[Source "ChessBase"]
[SourceDate "2021.10.06"]
[SourceVersion "1"]
[SourceVersionDate "2021.10.06"]
[SourceQuality "1"]

1. e4 e5 2. Nf3 Nc6 3. Bc4 Bc5 4. c3 Nf6 5. d4 exd4 6. e5 Ng8 7. cxd4 Bb4+ 8. Bd2 Bxd2+ 9. Qxd2 d6 10. Qf4 Qe7 11. 0-0 Na5 12. exd6 Qf6 13. Re1+ Kf8 14. Qe3 Bd7 15. Ne5 Qf5 16. Bd3 Qe6 17. d5 Qe8 18. b4 cxd6 19. Nxd7+ Qxd7 20. bxa5 Nf6 21. Nc3 Ng4 22. Qd4 a6 23. Na4 Re8 24. Rxe8+ Qxe8 25. Qxg4 1-0

[Event "COL-chT Interligas (Women)"]
[Site "Palmira"]
[Date "2019.04.28"]
[Round "3.4"]
[White "Jaimes Florez, Lucy Janeth"]
[Black "Unigarro Munoz, Karla Yuliana"]
[Result "1-0"]
[WhiteElo "1535"]
[BlackElo "1499"]
[PlyCount "51"]
[EventDate "2019.04.27"]
[EventType "team-swiss"]
[EventRounds "6"]
[EventCountry "COL"]
[SourceTitle "CBM 190 Extra"]
[Source "ChessBase"]
[SourceDate "2019.07.15"]
[SourceVersion "1"]
[SourceVersionDate "2019.07.15"]
[SourceQuality "1"]
[WhiteTeam "Santander (W)"]
[BlackTeam "Narino (W)"]
[WhiteTeamCountry "COL"]
[BlackTeamCountry "COL"]

1. e4 c5 2. Nc3 Nf6 3. f4 Nc6 4. Bb5 e6 5. Bxc6 bxc6 6. Nf3 d5 7. e5 d4 8. exf6 dxc3 9. fxg7 Bxg7 10. dxc3 Qxd1+ 11. Kxd1 Rg8 12. g3 f6 13. Be3 c4 14. Ke2 a5 15. Rad1 a4 16. Rd2 Ba6 17. Kf2 Rb8 18. Rhd1 Rxb2 19. Rd8+ Kf7 20. R1d7+ Kg6 21. Rxg8 Rxc2+ 22. Bd2 Kf5 23. Rgxg7 e5 24. Ke3 e4 25. g4+ Ke6 26. Rge7# 1-0

[Event "COL Intercollegiate-chT U18 Girls"]
[Site "Palmira"]
[Date "2017.10.21"]
[Round "7.6"]
[White "Jaimes Florez, Lucy Janeth"]
[Black "Ibanez Villalba, Karen Natalia"]
[Result "1-0"]
[WhiteElo "1440"]
[BlackElo "1600"]
[PlyCount "117"]
[EventDate "2017.10.19"]
[EventType "swiss"]
[EventRounds "12"]
[EventCountry "COL"]
[SourceTitle "CBM 181 Extra"]
[Source "ChessBase"]
[SourceDate "2017.12.12"]
[SourceVersion "1"]
[SourceVersionDate "2017.12.12"]
[SourceQuality "1"]

1. e4 e5 2. Nf3 Nc6 3. Bc4 h6 4. d3 Nf6 5. Nc3 Bb4 6. Bd2 Bxc3 7. Bxc3 d6 8. 0-0 Bd7 9. Qe2 Qe7 10. a3 0-0-0 11. b4 g5 12. b5 g4 13. Nh4 Nd4 14. Bxd4 exd4 15. a4 d5 16. Bb3 Rhg8 17. e5 c6 18. bxc6 Bxc6 19. Nf5 Qe6 20. Nxd4 Qe7 21. Nxc6 bxc6 22. d4 Ne4 23. Qa6+ Qb7 24. Qxb7+ Kxb7 25. Rad1 h5 26. f3 gxf3 27. Rxf3 Ng5 28. Rf5 h4 29. Kf1 Rd7 30. c4 Ne4 31. Rh5 Nc3 32. Rd3 Ne4 33. Rxh4 f6 34. e6 Re7 35. cxd5 c5 36. Rxe4 f5 37. Rf4 Rf8 38. dxc5 Ka6 39. d6 Rh7 40. h3 Kb7 41. d7 Kc7 42. d8Q+ Rxd8 43. Rxd8 Kxd8 44. Rxf5 Rh8 45. Rf7 a5 46. e7+ Ke8 47. Rf8+ Rxf8+ 48. exf8Q+ Kxf8 49. Bc4 Ke7 50. Bb5 Kd8 51. g4 Ke7 52. h4 Kf8 53. h5 Kg8 54. c6 Kg7 55. c7 Kh6 56. c8Q Kg5 57. Qf5+ Kh4 58. Kf2 Kh3 59. Qf6 1-0

[Event "Bucaramanga Udi Cup"]
[Site "Bucaramanga"]
[Date "2014.10.18"]
[Round "7"]
[White "Jaimes Florez, Lucy Janeth"]
[Black "Arciniegas Castro, Santiago"]
[Result "0-1"]
[WhiteElo "1429"]
[BlackElo "1386"]
[PlyCount "80"]
[EventDate "2014.10.15"]
[EventType "swiss"]
[EventRounds "9"]
[EventCountry "COL"]
[SourceTitle "EXT 2015"]
[Source "ChessBase"]
[SourceDate "2014.11.20"]
[SourceVersion "1"]
[SourceVersionDate "2014.11.20"]
[SourceQuality "1"]

1. e4 c5 2. Nf3 d6 3. d4 cxd4 4. Nxd4 Nf6 5. Nc3 a6 6. Be3 e5 7. Nde2 Be7 8. Qd2 Nbd7 9. h3 b5 10. a4 bxa4 11. Rxa4 Bb7 12. Ng3 0-0 13. Bc4 Qc7 14. b3 Rfc8 15. Nd5 Nxd5 16. Bxd5 Bxd5 17. exd5 Qxc2 18. Qxc2 Rxc2 19. Rc4 Rxc4 20. bxc4 a5 21. 0-0 a4 22. Ra1 Bd8 23. Nf5 Ra6 24. Ra3 g6 25. Ng3 f5 26. f4 Bb6 27. fxe5 Bxe3+ 28. Rxe3 Nxe5 29. Rc3 a3 30. Rc1 Nxc4 31. Rxc4 a2 32. Rc1 a1Q 33. Rxa1 Rxa1+ 34. Kf2 Rd1 35. Ne2 Rxd5 36. Nc3 Rc5 37. Na4 Kf7 38. Nxc5 dxc5 39. Ke3 Kf6 40. g3 Kg5 0-1